[Event "FRA T I 120102011"]
[Site "FRA"]
[Date "2010.11.13"]
[Round "2.6"]
[White "Montagard, Guillaume"]
[Black "Riff, Sebastien"]
[Result "1/2-1/2"]
[WhiteElo "2232"]
[BlackElo "2284"]
[PlyCount "83"]
[EventDate "2010.10.17"]
[EventType "team-match"]
[EventRounds "9"]
[EventCountry "FRA"]
[Source "FFE"]
[SourceDate "2010.10.29"]

1. Nf3 Nf6 2. c4 g6 3. g3 c6 4. Bg2 Bg7 5. O-O O-O 6. Nc3 d5 7. cxd5 cxd5 8. d4
Nc6 9. Ne5 Bf5 10. Nxc6 bxc6 11. Na4 Nd7 12. Be3 e5 13. Rc1 Qf6 14. dxe5 Nxe5
15. b3 Rfe8 16. Bd4 Rec8 17. Ba1 Qe7 18. Qd2 Rab8 19. Bd4 Rb5 20. Nc5 Nd7 21.
Nxd7 Qxd7 22. Bxg7 Kxg7 23. Qd4+ f6 24. e3 Qe7 25. Rc3 Rb4 26. Qc5 Qxc5 27.
Rxc5 Bd7 28. Rd1 f5 29. Kf1 Rcb8 30. Ke1 R4b5 31. Rdc1 Kf6 32. Kd2 Ke7 33. Bf1
Rxc5 34. Rxc5 Kd6 35. Rc1 c5 36. Kc3 a5 37. Rd1 Ke5 38. Bg2 Bc6 39. Kc2 Ke6 40.
Rd2 Ke5 41. Bf3 a4 42. bxa4 1/2-1/2

[Event "FRA T I 120102011"]
[Site "FRA"]
[Date "2010.11.14"]
[Round "3.7"]
[White "Cherki, Thomas"]
[Black "Sermier, Alain"]
[Result "0-1"]
[WhiteElo "2116"]
[BlackElo "2103"]
[PlyCount "80"]
[EventDate "2010.10.17"]
[EventType "team-match"]
[EventRounds "9"]
[EventCountry "FRA"]
[Source "FFE"]
[SourceDate "2010.10.29"]

1. e4 e5 2. Nf3 Nc6 3. d4 exd4 4. Nxd4 Bc5 5. Nb3 Bb6 6. a4 a6 7. Nc3 d6 8. Qe2
Nge7 9. Bg5 Be6 10. Nd5 Ba7 11. O-O-O O-O 12. h4 f6 13. Be3 Bf7 14. Bxa7 Rxa7
15. Rh3 Re8 16. Qd2 Nxd5 17. exd5 Ne7 18. Rg3 Ra8 19. Bd3 Bg6 20. Bxg6 Nxg6 21.
Nd4 Nf8 22. Qh6 Ng6 23. Qd2 Nf8 24. Nf5 g6 25. Qh6 Qd7 26. Qf4 Re5 27. Ne3 Kg7
28. Rf3 f5 29. h5 Rae8 30. Rh1 Re4 31. Qg5 h6 32. Qg3 g5 33. Nxf5+ Kh7 34. b3
b5 35. axb5 axb5 36. Kb2 R8e5 37. Ne3 Qg7 38. Kb1 Nd7 39. Rd1 Nf6 40. Rf5 Rxe3
0-1

[Event "FRA T I 120102011"]
[Site "FRA"]
[Date "2010.11.13"]
[Round "2.8"]
[White "Forestier, Carole"]
[Black "Lamoureux, Isabelle"]
[Result "1-0"]
[WhiteElo "2089"]
[BlackElo "2107"]
[PlyCount "79"]
[EventDate "2010.10.17"]
[EventType "team-match"]
[EventRounds "9"]
[EventCountry "FRA"]
[Source "FFE"]
[SourceDate "2010.10.29"]

1. d4 d5 2. Nf3 Bf5 3. c4 e6 4. Nc3 Nf6 5. Bg5 c6 6. Qb3 Qb6 7. e3 Nbd7 8. Be2
Be7 9. O-O O-O 10. Ne5 Rfe8 11. Nxd7 Nxd7 12. Bxe7 Rxe7 13. Qa3 Rae8 14. c5 Qc7
15. Qxa7 e5 16. dxe5 Nxe5 17. Qa4 Re6 18. Rfd1 Nd7 19. Qd4 Rh6 20. Qf4 Qxf4 21.
exf4 Nxc5 22. g4 Bd7 23. Rd4 Ne6 24. Rb4 d4 25. Ne4 c5 26. Rxb7 Bc6 27. Nd6
Nxf4 28. Bc4 Rxd6 29. Rxf7 Ne2+ 30. Kf1 Bd5 31. Bxd5 Rxd5 32. Rf3 d3 33. Re3
Rxe3 34. fxe3 c4 35. Ke1 Rb5 36. a4 Rxb2 37. a5 Rb7 38. a6 Ra7 39. Kd2 Kf7 40.
Ra4 1-0

[Event "FRA T I 120102011"]
[Site "FRA"]
[Date "2010.11.13"]
[Round "2.2"]
[White "Lejeune, Jean Pierre"]
[Black "Sarthou, Gaetan"]
[Result "1/2-1/2"]
[WhiteElo "2320"]
[BlackElo "2360"]
[PlyCount "80"]
[EventDate "2010.10.17"]
[EventType "team-match"]
[EventRounds "9"]
[EventCountry "FRA"]
[Source "FFE"]
[SourceDate "2010.10.29"]

1. e4 g6 2. d4 Bg7 3. Nc3 d6 4. g3 Nc6 5. d5 Ne5 6. Bg2 Nf6 7. h3 O-O 8. Nge2
e6 9. dxe6 Bxe6 10. O-O Re8 11. Nf4 Bd7 12. Re1 b5 13. Rb1 Rb8 14. Be3 a5 15.
b3 b4 16. Ncd5 Nxd5 17. Nxd5 Bc6 18. Qd2 Qc8 19. Bg5 Bxd5 20. Qxd5 Qa6 21. Be3
Nd7 22. Bf1 Qb7 23. Qxb7 Rxb7 24. f3 Bc3 25. Red1 Ra8 26. Kf2 a4 27. Bc4 Nb6
28. Bxb6 Rxb6 29. Ke3 a3 30. Rd5 Re8 31. Kd3 Kg7 32. Ra5 Rbb8 33. Ra7 c6 34.
Rxf7+ Kh8 35. Rd7 Rbd8 36. Rxd8 Rxd8 37. Ke2 Kg7 38. Rd1 Kf8 39. f4 Ke7 40. Kf3
Bf6 1/2-1/2

[Event "FRA T I 120102011"]
[Site "FRA"]
[Date "2010.11.14"]
[Round "3.5"]
[White "Ludwig, Remi"]
[Black "Lamoureux, Isabelle"]
[Result "1-0"]
[WhiteElo "2243"]
[BlackElo "2107"]
[PlyCount "80"]
[EventDate "2010.10.17"]
[EventType "team-match"]
[EventRounds "9"]
[EventCountry "FRA"]
[Source "FFE"]
[SourceDate "2010.10.29"]

1. d4 d5 2. c4 Bf5 3. Nc3 e6 4. Nf3 Nf6 5. Bg5 c6 6. e3 Nbd7 7. Be2 Bd6 8. O-O
h6 9. Bh4 O-O 10. Rc1 Re8 11. a3 a5 12. Qb3 Qb8 13. Bg3 dxc4 14. Bxc4 b5 15.
Be2 a4 16. Qd1 Bxg3 17. hxg3 Qd6 18. Na2 Rac8 19. Nb4 Nd5 20. Nd3 c5 21. dxc5
Nxc5 22. Nxc5 Rxc5 23. Qd4 Rec8 24. Rce1 e5 25. Nxe5 Re8 26. Nf3 Qc7 27. Qd2
Nf6 28. Rc1 Rc8 29. Rxc5 Qxc5 30. Nd4 Bd7 31. Qa5 Rb8 32. Rd1 Bg4 33. Nf3 Bd7
34. Qd2 Rc8 35. Ne1 Be6 36. Nd3 Qc2 37. Nf4 Bb3 38. Qxc2 Bxc2 39. Rc1 g5 40.
Nd3 Kg7 1-0

[Event "FRA T I 120102011"]
[Site "FRA"]
[Date "2010.11.14"]
[Round "3.6"]
[White "Domenech, Vianney"]
[Black "Lebel, Patrick"]
[Result "1-0"]
[WhiteElo "2129"]
[BlackElo "2080"]
[PlyCount "77"]
[EventDate "2010.10.17"]
[EventType "team-match"]
[EventRounds "9"]
[EventCountry "FRA"]
[Source "FFE"]
[SourceDate "2010.10.29"]

1. d4 g6 2. Bf4 Bg7 3. Nc3 d6 4. Qd2 e5 5. dxe5 dxe5 6. Qxd8+ Kxd8 7. O-O-O+
Nd7 8. Bg3 Nh6 9. Nf3 f6 10. e4 c6 11. Nd2 Nf7 12. Nb3 Ke7 13. f3 Bh6+ 14. Kb1
Be3 15. Bd3 Bb6 16. Na4 Bc7 17. Bf2 b6 18. c4 Bb7 19. Nc3 Nf8 20. a4 Ne6 21. g3
Rhd8 22. c5 Nxc5 23. Bxc5+ bxc5 24. Nxc5 Bc8 25. Bc4 Nd6 26. Ba2 Bb6 27. Nd3 a5
28. f4 Bd4 29. fxe5 Bxe5 30. Nxe5 fxe5 31. Rc1 Rb8 32. Rhf1 Be6 33. Bxe6 Kxe6
34. Rf2 Rb4 35. Rcc2 Nxe4 36. Nxe4 Rxe4 37. Rxc6+ Rd6 38. Rxd6+ Kxd6 39. Rf7
1-0

[Event "FRA T I 120102011"]
[Site "FRA"]
[Date "2010.11.14"]
[Round "3.6"]
[White "Monsieux, Cyril"]
[Black "Robert, Bastien"]
[Result "1-0"]
[WhiteElo "2297"]
[BlackElo "2041"]
[PlyCount "75"]
[EventDate "2010.10.17"]
[EventType "team-match"]
[EventRounds "9"]
[EventCountry "FRA"]
[Source "FFE"]
[SourceDate "2010.10.29"]

1. e4 c5 2. Nf3 Nc6 3. d4 cxd4 4. Nxd4 e5 5. Nb5 d6 6. c4 Be7 7. b3 a6 8. N5c3
Be6 9. Be2 Rc8 10. O-O Nf6 11. Be3 O-O 12. Nd2 Nd7 13. Nf3 f5 14. exf5 Bxf5 15.
Qd2 Kh8 16. Bd3 Bxd3 17. Qxd3 b5 18. cxb5 Nb4 19. Qd2 axb5 20. a3 Nc6 21. Nxb5
Nf6 22. Rfc1 d5 23. Rxc6 Rxc6 24. Nxe5 Re6 25. f4 Ne4 26. Qd3 Bf6 27. Nd4 Ree8
28. b4 g5 29. Nec6 Qd6 30. f5 Be5 31. Nxe5 Qxe5 32. Rc1 Qd6 33. Rf1 h6 34. Ne6
Rf7 35. Qd1 Ra8 36. Qh5 Rh7 37. Bd4+ Kg8 38. Qg6+ 1-0

[Event "FRA T I 120102011"]
[Site "FRA"]
[Date "2010.11.14"]
[Round "3.7"]
[White "Van Hoolandt, Patrick"]
[Black "Piquemal, Christiane"]
[Result "1-0"]
[WhiteElo "2135"]
[BlackElo "2058"]
[PlyCount "73"]
[EventDate "2010.10.17"]
[EventType "team-match"]
[EventRounds "9"]
[EventCountry "FRA"]
[Source "FFE"]
[SourceDate "2010.10.29"]

1. d4 Nf6 2. c4 g6 3. Nc3 Bg7 4. e4 d6 5. Nf3 O-O 6. Be3 e5 7. dxe5 dxe5 8.
Qxd8 Rxd8 9. Nd5 Nxd5 10. cxd5 c6 11. Bc4 b5 12. Bb3 Bb7 13. Rc1 h6 14. O-O
cxd5 15. Rc7 Bc8 16. Bxd5 Na6 17. Rcc1 Rxd5 18. exd5 Nb4 19. Rfd1 e4 20. Ne1
Bf5 21. d6 Rd8 22. Bxa7 Nd3 23. Nxd3 exd3 24. g4 Be4 25. f3 Bxf3 26. Rxd3 Bxg4
27. Bb6 Rd7 28. b3 Bf5 29. Rc7 Rd8 30. d7 Bxd3 31. Rc8 Bf6 32. Bxd8 Bd4+ 33.
Kg2 Be4+ 34. Kg3 Be5+ 35. Kf2 Bd4+ 36. Ke2 Kg7 37. Be7 1-0

[Event "FRA T I 120102011"]
[Site "FRA"]
[Date "2010.11.14"]
[Round "3.7"]
[White "Vuitton, Gilles"]
[Black "Nass, Emile"]
[Result "0-1"]
[WhiteElo "2142"]
[BlackElo "2233"]
[PlyCount "74"]
[EventDate "2010.10.17"]
[EventType "team-match"]
[EventRounds "9"]
[EventCountry "FRA"]
[Source "FFE"]
[SourceDate "2010.10.29"]

1. c4 e6 2. Nf3 Nf6 3. g3 b6 4. Bg2 Bb7 5. O-O Be7 6. b3 O-O 7. Bb2 c5 8. e3 d5
9. Qe2 Nbd7 10. d3 Qc7 11. Nc3 Bc6 12. e4 d4 13. Nd1 e5 14. Nd2 Bd6 15. f3 g6
16. Nf2 Nh5 17. Nh3 Rae8 18. Rfb1 f5 19. Bc1 Qd8 20. Nf1 f4 21. g4 Ng7 22. Nf2
Ne6 23. Bd2 h5 24. h3 Nf6 25. Be1 Re7 26. Nh2 Rh7 27. a3 hxg4 28. fxg4 Ng5 29.
Nf1 Bd7 30. Nd2 Qe7 31. Qf1 Qg7 32. Nh1 Bxg4 33. hxg4 Nxg4 34. Nf3 Qh6 35. Bd2
Nh2 36. Nxh2 Qxh2+ 37. Kf2 f3 0-1

[Event "FRA T I 120102011"]
[Site "FRA"]
[Date "2010.11.14"]
[Round "3.6"]
[White "Guedon, Stephane"]
[Black "Gachet, Sebastien"]
[Result "1-0"]
[WhiteElo "2206"]
[BlackElo "213"]
[PlyCount "71"]
[EventDate "2010.10.17"]
[EventType "team-match"]
[EventRounds "9"]
[EventCountry "FRA"]
[Source "FFE"]
[SourceDate "2010.10.29"]

1. d4 Nf6 2. c4 g6 3. Nf3 Bg7 4. Nc3 O-O 5. e4 d6 6. Be2 e5 7. d5 a5 8. Bg5 h6
9. Bh4 Na6 10. Nd2 c6 11. O-O Qc7 12. Rc1 Nh7 13. Kh1 f5 14. exf5 gxf5 15. f4
e4 16. Nb3 c5 17. Na1 Bf6 18. Bxf6 Nxf6 19. Nb5 Qe7 20. Rc3 Bd7 21. Rh3 Kh7 22.
Nc2 Nb4 23. Ne3 Nxa2 24. Qe1 Rg8 25. Qh4 Qf8 26. Nc7 Rg6 27. Nxa8 Qxa8 28. g4
Qc8 29. g5 Ng8 30. Bh5 Rg7 31. gxh6 Re7 32. Rg1 Qf8 33. Bg6+ Kh8 34. h7 Nf6 35.
Bxf5 Bxf5 36. Qxf6+ 1-0

[Event "FRA T I 120102011"]
[Site "FRA"]
[Date "2010.11.13"]
[Round "2.8"]
[White "Abello, Isabelle"]
[Black "Richard, Emma"]
[Result "0-1"]
[WhiteElo "1970"]
[BlackElo "2090"]
[PlyCount "70"]
[EventDate "2010.10.17"]
[EventType "team-match"]
[EventRounds "9"]
[EventCountry "FRA"]
[Source "FFE"]
[SourceDate "2010.10.29"]

1. e4 c5 2. c3 d6 3. d4 Nf6 4. Bd3 e5 5. d5 Nbd7 6. Ne2 Be7 7. O-O Nf8 8. f4
exf4 9. Nxf4 Ng6 10. Nxg6 hxg6 11. Nd2 Bd7 12. Qe2 Qc7 13. Bb5 O-O-O 14. Bxd7+
Qxd7 15. Nf3 Rde8 16. Ng5 Bd8 17. Qc4 Rh4 18. Rf4 Rh5 19. Rf1 Re5 20. Rxf6 gxf6
21. Nf3 Re8 22. Bf4 Bc7 23. Re1 Qg4 24. Bg3 f5 25. Qb5 Rxe4 26. b4 Rxe1+ 27.
Bxe1 Qe4 28. bxc5 a6 29. Qb3 dxc5 30. d6 Bxd6 31. Qxf7 Bxh2+ 32. Nxh2 Qxe1+ 33.
Nf1 Qxc3 34. Qe6+ Kb8 35. Ne3 Qe1+ 0-1

[Event "FRA T I 120102011"]
[Site "FRA"]
[Date "2010.11.13"]
[Round "2.4"]
[White "Bensdorp, Marlies"]
[Black "Benitah, Yohan"]
[Result "0-1"]
[WhiteElo "2274"]
[BlackElo "2393"]
[PlyCount "70"]
[EventDate "2010.10.17"]
[EventType "team-match"]
[EventRounds "9"]
[EventCountry "FRA"]
[Source "FFE"]
[SourceDate "2010.10.29"]

1. d4 d5 2. c4 c6 3. Nf3 Nf6 4. e3 Bf5 5. cxd5 cxd5 6. Qb3 Bc8 7. Bd2 Nc6 8.
Bb5 Bd7 9. O-O e6 10. Rc1 Bd6 11. Na3 O-O 12. Nc2 Ne4 13. Be1 f5 14. Bxc6 bxc6
15. Bb4 Rb8 16. Qa3 Rxb4 17. Nxb4 a5 18. Qb3 axb4 19. a3 c5 20. dxc5 Bxc5 21.
axb4 Bd6 22. Ra7 Bb5 23. Qc2 f4 24. exf4 Bxf4 25. Rca1 Qb6 26. Ra8 Bb8 27. h3
Qd6 28. R1a3 h6 29. g3 Bc4 30. b5 Bxb5 31. Re3 Qb6 32. Rb3 Nxg3 33. Nd4 Qxd4
34. Rxb5 Qe5 35. Raxb8 Qe1+ 0-1

[Event "FRA T I 120102011"]
[Site "FRA"]
[Date "2010.11.13"]
[Round "2.4"]
[White "Bressac, Stephane"]
[Black "Hamdouchi, Adina Maria"]
[Result "1-0"]
[WhiteElo "2207"]
[BlackElo "2318"]
[PlyCount "69"]
[EventDate "2010.10.17"]
[EventType "team-match"]
[EventRounds "9"]
[EventCountry "FRA"]
[Source "FFE"]
[SourceDate "2010.10.29"]

1. e4 g6 2. d4 Bg7 3. Nc3 d6 4. Be3 a6 5. f4 Nd7 6. Nf3 b5 7. Bd3 b4 8. Ne2
Ngf6 9. O-O Bb7 10. Ng3 Ng4 11. Bd2 c5 12. h3 Nh6 13. f5 cxd4 14. Kh1 Qc7 15.
Nxd4 Bxd4 16. Bxh6 Bxb2 17. Rb1 Bc3 18. Ne2 gxf5 19. Rxf5 Rg8 20. Nxc3 Qxc3 21.
Qh5 Nf6 22. Qh4 Bc8 23. Rf3 Qc5 24. e5 dxe5 25. Be4 Qc4 26. Rxb4 Qe2 27. Rxf6
exf6 28. Bxa8 Qd1+ 29. Kh2 Qd6 30. Rc4 Be6 31. Rc3 Ke7 32. Be3 e4+ 33. Bf4 Qd4
34. Rc7+ Kf8 35. Bxe4 1-0

[Event "FRA T I 120102011"]
[Site "FRA"]
[Date "2010.11.13"]
[Round "2.7"]
[White "Nass, Emile"]
[Black "Cherki, Thomas"]
[Result "1-0"]
[WhiteElo "2233"]
[BlackElo "2116"]
[PlyCount "67"]
[EventDate "2010.10.17"]
[EventType "team-match"]
[EventRounds "9"]
[EventCountry "FRA"]
[Source "FFE"]
[SourceDate "2010.10.29"]

1. d4 Nf6 2. Nf3 e6 3. c4 b6 4. g3 Ba6 5. Nbd2 Bb7 6. Bg2 c5 7. O-O cxd4 8.
Nxd4 Bxg2 9. Kxg2 d5 10. N2f3 Bc5 11. Bg5 dxc4 12. Bxf6 Qxf6 13. Qa4+ Nd7 14.
Rad1 O-O 15. Qxd7 Rad8 16. Qxa7 Bxd4 17. Nxd4 Rxd4 18. Qxb6 Rfd8 19. Rxd4 Rxd4
20. e3 Rd2 21. Qb8+ Rd8 22. Qb4 h6 23. Rc1 Qe5 24. Rxc4 Rb8 25. Qc3 Qxc3 26.
bxc3 Ra8 27. a4 Kf8 28. Kf3 Ke7 29. Ke4 f5+ 30. Kd3 e5 31. e4 f4 32. gxf4 exf4
33. e5 g5 34. Ke4 1-0

[Event "FRA T I 120102011"]
[Site "FRA"]
[Date "2010.11.13"]
[Round "2.1"]
[White "Apicella, Manuel"]
[Black "Llanes Hurtado, Miguel"]
[Result "1/2-1/2"]
[WhiteElo "2531"]
[BlackElo "2468"]
[PlyCount "63"]
[EventDate "2010.10.17"]
[EventType "team-match"]
[EventRounds "9"]
[EventCountry "FRA"]
[Source "FFE"]
[SourceDate "2010.10.29"]
[WhiteTeam "L'Echiquier du Roy René"]

1. e4 e6 2. d4 d5 3. Nc3 dxe4 4. Nxe4 Nd7 5. Nf3 Ngf6 6. Bg5 h6 7. Nxf6+ Nxf6
8. Bh4 c5 9. Ne5 Qa5+ 10. c3 cxd4 11. Qxd4 Bc5 12. Nc4 Bxd4 13. Nxa5 Bb6 14.
Nc4 Bc7 15. Bg3 Bxg3 16. hxg3 Ke7 17. Be2 Bd7 18. Ne5 Rhd8 19. O-O-O Be8 20.
Bf3 Rab8 21. Rxd8 Kxd8 22. Rd1+ Kc7 23. Kc2 Nd7 24. Nc4 f6 25. Nd6 Bg6+ 26. Kc1
b5 27. b4 Ne5 28. Be2 a6 29. f4 Nf7 30. Nxf7 Bxf7 31. a4 Be8 32. axb5 1/2-1/2

[Event "FRA T I 120102011"]
[Site "FRA"]
[Date "2010.11.13"]
[Round "2.2"]
[White "Govciyan, Pavel"]
[Black "Alonso Moyano, Jonathan"]
[Result "1/2-1/2"]
[WhiteElo "2438"]
[BlackElo "2386"]
[PlyCount "64"]
[EventDate "2010.10.17"]
[EventType "team-match"]
[EventRounds "9"]
[EventCountry "FRA"]
[Source "FFE"]
[SourceDate "2010.10.29"]

1. d4 f5 2. Bg5 h6 3. Bh4 g5 4. Bg3 Nf6 5. e3 Bg7 6. Bc4 d6 7. Nc3 e6 8. h4 g4
9. h5 Qe7 10. Nge2 e5 11. Bh4 c6 12. dxe5 dxe5 13. Ng3 Be6 14. e4 f4 15. Nf5
Bxf5 16. exf5 Nbd7 17. Qe2 Nc5 18. a3 O-O-O 19. Qxg4 Rd4 20. Ba2 Nxg4 21. Bxe7
Ne4 22. Ne2 Rd2 23. Rf1 Rxc2 24. Bb1 Rxb2 25. Bxe4 Bf6 26. Bc5 Rd8 27. Rb1
Rxb1+ 28. Bxb1 Rd5 29. Bb4 a5 30. Bc3 Rb5 31. Bc2 Bh4 32. g3 Bg5 {suite
illisible} 1/2-1/2

[Event "FRA T I 120102011"]
[Site "FRA"]
[Date "2010.11.14"]
[Round "3.4"]
[White "Naudier, Serge"]
[Black "Diaz, Mickael"]
[Result "0-1"]
[WhiteElo "2254"]
[BlackElo "2219"]
[PlyCount "64"]
[EventDate "2010.10.17"]
[EventType "team-match"]
[EventRounds "9"]
[EventCountry "FRA"]
[Source "FFE"]
[SourceDate "2010.10.29"]

1. d4 Nc6 2. e4 e5 3. Nf3 exd4 4. Nxd4 Nge7 5. Nc3 Nxd4 6. Qxd4 Nc6 7. Qd5 d6
8. Bb5 Bd7 9. Bg5 Be7 10. h4 a6 11. Ba4 O-O 12. Qd2 h6 13. Bf4 Bf6 14. Bb3 b5
15. O-O-O a5 16. Nxb5 a4 17. Bd5 Qb8 18. c4 Na5 19. Na3 Ra6 20. e5 dxe5 21. Be3
Bf5 22. Qc3 c6 23. g4 cxd5 24. Rxd5 Be4 25. Rhd1 Bxd5 26. Rxd5 e4 27. Qc2 Nc6
28. g5 Nb4 29. Qd2 Nxd5 30. cxd5 Rc8+ 31. Kd1 hxg5 32. hxg5 Bxb2 0-1

[Event "FRA T I 120102011"]
[Site "FRA"]
[Date "2010.11.13"]
[Round "2.7"]
[White "Gingene, Eric"]
[Black "Forestier, Flavien"]
[Result "0-1"]
[WhiteElo "2097"]
[BlackElo "2175"]
[PlyCount "62"]
[EventDate "2010.10.17"]
[EventType "team-match"]
[EventRounds "9"]
[EventCountry "FRA"]
[Source "FFE"]
[SourceDate "2010.10.29"]

1. d4 d5 2. c4 e6 3. Nc3 Nf6 4. Nf3 Be7 5. e3 O-O 6. Bd3 b6 7. O-O Bb7 8. b3
Ne4 9. Bb2 f5 10. Ne5 Nd7 11. Ne2 Nxe5 12. dxe5 Nc5 13. Nf4 Nxd3 14. Qxd3 Qd7
15. Rad1 c6 16. e4 fxe4 17. Qxe4 Rad8 18. Qf3 g5 19. cxd5 cxd5 20. Rd4 Rxf4 21.
Rxf4 gxf4 22. Qxf4 Kh8 23. Rd1 Rf8 24. Qg4 Rg8 25. Qe2 Bc5 26. Kh1 Qg7 27. f3
Be7 28. Bd4 Rc8 29. g4 Bg5 30. Be3 Bxe3 31. Qxe3 Qxg4 0-1

[Event "FRA T I 120102011"]
[Site "FRA"]
[Date "2010.11.13"]
[Round "2.2"]
[White "Midoux, Sebastien"]
[Black "Riff, Vincent"]
[Result "1/2-1/2"]
[WhiteElo "2314"]
[BlackElo "2379"]
[PlyCount "62"]
[EventDate "2010.10.17"]
[EventType "team-match"]
[EventRounds "9"]
[EventCountry "FRA"]
[Source "FFE"]
[SourceDate "2010.10.29"]

1. e4 c5 2. Nf3 Nc6 3. Bb5 Nf6 4. Nc3 Qc7 5. O-O a6 6. Bxc6 dxc6 7. h3 e5 8. d3
Bd6 9. Nh2 O-O 10. Bg5 Nd7 11. Ne2 Re8 12. g3 Nf8 13. Kg2 Qd7 14. Ng1 f5 15.
exf5 Qxf5 16. Nhf3 Ne6 17. Be3 Rf8 18. Qe2 Bd7 19. Rae1 Rae8 20. Qd1 Bc7 21. b3
c4 22. bxc4 c5 23. Nd2 Bc6+ 24. f3 Ba5 25. Re2 Bxd2 26. Rxd2 Rf7 27. Rdf2 Ref8
28. Kh2 h5 29. h4 g5 30. hxg5 h4 31. g4 Qg6 1/2-1/2

[Event "FRA T I 120102011"]
[Site "FRA"]
[Date "2010.11.13"]
[Round "2.4"]
[White "Ninov, Nikolai"]
[Black "Naudier, Serge"]
[Result "1-0"]
[WhiteElo "2533"]
[BlackElo "2254"]
[PlyCount "61"]
[EventDate "2010.10.17"]
[EventType "team-match"]
[EventRounds "9"]
[EventCountry "FRA"]
[Source "FFE"]
[SourceDate "2010.10.29"]

1. e4 c5 2. Nf3 e6 3. d4 cxd4 4. Nxd4 Nf6 5. Nc3 Bb4 6. e5 Nd5 7. Qg4 O-O 8.
Bh6 g6 9. a3 Ba5 10. Bxf8 Kxf8 11. Qg3 Nxc3 12. bxc3 Qe7 13. Kd2 a6 14. h4 Bc7
15. h5 g5 16. h6 d6 17. Rh5 dxe5 18. Rxg5 Ke8 19. Rg8+ Kd7 20. Nb3 Nc6 21. Qd3+
Bd6 22. Qxh7 Qf6 23. Ke1 Ne7 24. Rf8 e4 25. Qg7 Qh4 26. Rd1 Nf5 27. Rxf7+ Kc6
28. Rxf5 exf5 29. Na5+ Kb6 30. Rxd6+ Ka7 31. Rxa6+ 1-0

[Event "FRA T I 120102011"]
[Site "FRA"]
[Date "2010.11.13"]
[Round "2.6"]
[White "Oliveira, Sancho"]
[Black "Youssoupov, Moisse"]
[Result "1-0"]
[WhiteElo "2230"]
[BlackElo "2128"]
[PlyCount "62"]
[EventDate "2010.10.17"]
[EventType "team-match"]
[EventRounds "9"]
[EventCountry "FRA"]
[Source "FFE"]
[SourceDate "2010.10.29"]

1. e4 d5 2. exd5 Qxd5 3. Nc3 Qa5 4. d4 Nf6 5. Nf3 Bf5 6. Bc4 c6 7. Bd2 e6 8.
Nd5 Qd8 9. Nxf6+ gxf6 10. Bb3 a5 11. c3 Rg8 12. Nh4 Bg4 13. f3 f5 14. g3 Bh3
15. Qe2 a4 16. Bc2 Be7 17. Ng2 Bxg2 18. Qxg2 Bg5 19. f4 Be7 20. Qh3 Qd5 21. O-O
Nd7 22. Qxh7 Nf6 23. Qh3 O-O-O 24. Bxa4 Ng4 25. Qg2 Qa5 26. Bd1 Nf6 27. Bf3 Rg6
28. a4 Qa7 29. a5 Nd5 30. a6 Qxa6 31. Qe2 Nc7 {suite illisible} 1-0

[Event "FRA T I 120102011"]
[Site "FRA"]
[Date "2010.11.13"]
[Round "2.6"]
[White "Robert, Bastien"]
[Black "Vesin, Jean Robert"]
[Result "0-1"]
[WhiteElo "2041"]
[BlackElo "2204"]
[PlyCount "62"]
[EventDate "2010.10.17"]
[EventType "team-match"]
[EventRounds "9"]
[EventCountry "FRA"]
[Source "FFE"]
[SourceDate "2010.10.29"]

1. d4 g6 2. c4 Bg7 3. Nc3 c5 4. e3 Nf6 5. Be2 O-O 6. Bf3 Nc6 7. Nge2 cxd4 8.
exd4 d6 9. h3 e5 10. O-O Bf5 11. Bxc6 bxc6 12. f4 exd4 13. Nxd4 Bd7 14. Kh2 Re8
15. f5 Qb6 16. fxg6 fxg6 17. Nb3 Bf5 18. g4 Be6 19. Bg5 Nd7 20. Qd3 Ne5 21.
Qxd6 Nf7 22. Qd2 Bxc4 23. Rf3 Nxg5 24. Qxg5 Be5+ 25. Kg2 Bxc3 26. bxc3 Bd5 27.
Raf1 Qe3 28. Qxd5+ cxd5 29. Rxe3 Rxe3 30. Rf3 Rxf3 31. Kxf3 Rc8 0-1

[Event "FRA T I 120102011"]
[Site "FRA"]
[Date "2010.11.13"]
[Round "2.8"]
[White "Vuitton, Gilles"]
[Black "Lamotte, Gaelle"]
[Result "1/2-1/2"]
[WhiteElo "2142"]
[BlackElo "1918"]
[PlyCount "62"]
[EventDate "2010.10.17"]
[EventType "team-match"]
[EventRounds "9"]
[EventCountry "FRA"]
[Source "FFE"]
[SourceDate "2010.10.29"]

1. c4 e5 2. g3 Nf6 3. Bg2 d5 4. cxd5 Nxd5 5. Nf3 Nc6 6. O-O Be7 7. d4 exd4 8.
Nxd4 Nxd4 9. Qxd4 Nf6 10. Qxd8+ Bxd8 11. Nc3 O-O 12. Bf4 c6 13. Rfd1 Be6 14.
Bd6 Re8 15. e4 Bb6 16. Na4 Bg4 17. Nxb6 axb6 18. f3 Be6 19. a3 Nd7 20. Rac1 b5
21. Rc3 Nb6 22. b3 Nc8 23. Bb4 Ne7 24. f4 b6 25. Bxe7 Rxe7 26. f5 Bd7 27. Rcd3
Be8 28. Rd8 Rxa3 29. R1d6 c5 30. Rxb6 Rxb3 31. Rbb8 Kf8 1/2-1/2

[Event "FRA T I 120102011"]
[Site "FRA"]
[Date "2010.11.14"]
[Round "3.7"]
[White "Boursier, Julien"]
[Black "Lemiere, Frederic"]
[Result "0-1"]
[WhiteElo "2076"]
[BlackElo "2099"]
[PlyCount "60"]
[EventDate "2010.10.17"]
[EventType "team-match"]
[EventRounds "9"]
[EventCountry "FRA"]
[Source "FFE"]
[SourceDate "2010.10.29"]

1. d4 e6 2. Nf3 d5 3. c4 c5 4. cxd5 exd5 5. Nc3 Nc6 6. g3 Nf6 7. Bg2 Be7 8. O-O
O-O 9. Bg5 cxd4 10. Nxd4 h6 11. Be3 Re8 12. Rc1 Bf8 13. Na4 Bd7 14. Nc5 Bxc5
15. Rxc5 Qe7 16. Nxc6 bxc6 17. Qd4 Ng4 18. Rc3 Rab8 19. Ra3 Rb4 20. Qxa7 Rxb2
21. Bc5 Qd8 22. e3 Bf5 23. Qa4 Rb5 24. Bd4 Qd6 25. Rc1 Reb8 26. Qa6 Qe7 27.
Qxc6 Qxa3 28. Bxd5 Rxd5 29. Qxd5 Qxc1+ 30. Kg2 Qc2 0-1

[Event "FRA T I 120102011"]
[Site "FRA"]
[Date "2010.11.14"]
[Round "3.1"]
[White "Govciyan, Pavel"]
[Black "Janev, Evgeni"]
[Result "0-1"]
[WhiteElo "2438"]
[BlackElo "2494"]
[PlyCount "60"]
[EventDate "2010.10.17"]
[EventType "team-match"]
[EventRounds "9"]
[EventCountry "FRA"]
[Source "FFE"]
[SourceDate "2010.10.29"]

1. d4 Nf6 2. g3 c5 3. d5 e6 4. c4 exd5 5. cxd5 d6 6. Nc3 g6 7. Bg2 Bg7 8. Nf3
O-O 9. O-O Na6 10. Nd2 Nc7 11. a4 b6 12. Nc4 Ba6 13. Qb3 Bxc4 14. Qxc4 a6 15.
Bg5 h6 16. Bd2 Nd7 17. b4 b5 18. Qb3 a5 19. bxa5 b4 20. Ne4 Nf6 21. Ra2 Rxa5
22. Bf4 Nxe4 23. Bxe4 Qe7 24. Bd3 Rfa8 25. h4 Qd7 26. Bc4 Rxa4 27. Rxa4 Rxa4
28. Qe3 Ra3 29. Qd2 h5 30. Kh2 Na8 {suite illisible} 0-1

[Event "FRA T I 120102011"]
[Site "FRA"]
[Date "2010.11.13"]
[Round "2.7"]
[White "Guedon, Stephane"]
[Black "Verot, Melanie"]
[Result "1-0"]
[WhiteElo "2206"]
[BlackElo "2124"]
[PlyCount "59"]
[EventDate "2010.10.17"]
[EventType "team-match"]
[EventRounds "9"]
[EventCountry "FRA"]
[Source "FFE"]
[SourceDate "2010.10.29"]

1. e4 d5 2. exd5 Qxd5 3. Nc3 Qd6 4. d4 Nf6 5. Nf3 c6 6. Ne5 Bf5 7. Bf4 Qb4 8.
Nc4 e6 9. Bd6 Bxd6 10. a3 Bg4 11. f3 Bg3+ 12. hxg3 Qe7 13. fxg4 Qc7 14. Qf3
Nbd7 15. O-O-O Ke7 16. Re1 Nb6 17. Ne5 h6 18. Ne4 Nbd5 19. c4 Nb6 20. g5 hxg5
21. Rxh8 Rxh8 22. Nxg5 Rf8 23. g4 Ke8 24. Bd3 Qd8 25. Nxe6 fxe6 26. Bg6+ Ke7
27. Nxc6+ bxc6 28. Rxe6+ Kxe6 29. Qf5+ Kd6 30. Qe5+ 1-0